• AIU
  • Tony Wilmot Memorial Library

Ebibilia Enchenu (Record no. 67809)

MARC details
000 -LEADER
fixed length control field 00611nam a22001937a 4500
003 - CONTROL NUMBER IDENTIFIER
control field OSt
005 - DATE AND TIME OF LATEST TRANSACTION
control field 20240103153149.0
008 - FIXED-LENGTH DATA ELEMENTS--GENERAL INFORMATION
fixed length control field 240103b |||||||| |||| 00| 0 eng d
020 ## - INTERNATIONAL STANDARD BOOK NUMBER
International Standard Book Number 9789966480606
040 ## - CATALOGING SOURCE
Original cataloging agency AIU Library - Kenya
Transcribing agency AIU Library - Kenya
Modifying agency AIU Library - Kenya
050 ## - LIBRARY OF CONGRESS CALL NUMBER
Classification number BS 325
Item number .S8 1990
245 ## - TITLE STATEMENT
Title Ebibilia Enchenu
260 ## - PUBLICATION, DISTRIBUTION, ETC. (IMPRINT)
Place of publication, distribution, etc Nairobi :
Name of publisher, distributor, etc Bible Society of Kenya,
Date of publication, distribution, etc c1990.
300 ## - PHYSICAL DESCRIPTION
Extent 1189, 354, [4] p.
Other physical details 22 cm.
500 ## - GENERAL NOTE
General note Title on t.p. verso: Bible in Ekegusii<br/>[Africana]
630 ## - SUBJECT ADDED ENTRY--UNIFORM TITLE
Uniform title Bible.
Language of a work Gusii.
9 (RLIN) 55803
650 ## - SUBJECT ADDED ENTRY--TOPICAL TERM
Topical term or geographic name as entry element Gusii language
Form subdivision Texts.
9 (RLIN) 55804
942 ## - ADDED ENTRY ELEMENTS (KOHA)
Source of classification or shelving scheme Library of Congress Classification
Koha item type Africana collection ( Reference)
Holdings
Withdrawn status Lost status Source of classification or shelving scheme Damaged status Not for loan Collection code Home library Current library Shelving location Date acquired Source of acquisition Cost, normal purchase price Total Checkouts Full call number Barcode Date last seen Copy number Price effective from Koha item type
    Library of Congress Classification     Reference AIU/NEGST - Tony Wilmot Memorial Library AIU/NEGST - Tony Wilmot Memorial Library Reference 10/30/2023 Donation - Prof. Robert Priest 10.49   REF BS 325.S8 1990 T16891W3232 01/03/2024 1 01/03/2024 Africana collection ( Reference)